Stephen King Sudden Death - Statistics

General Stats
  • This quiz has been taken 121 times
  • The average score is 10 of 26
Answers on the Grid
Answers color-coded by a green-red scale on the quiz's grid according to % correct below.
11/22/63
Bag of Bones
Billy Summers
Carmilla
Carrie
Cell
Christine
The Colorado Kid
Danse Macabre
The Dead Zone
Doctor Sleep
End of Watch
Fairy Tale
Faithful
Gerald's Game
Gwendy's Final Task
Holly
House of Leaves
Insomnia
Joyland
Later
Misery
Mostly Old Men
Mr. Murder
Needful Things
The Outsider
Pet Sematary
Revival
The Ring
Rose Madder
Rosemary's Baby
The Shining
Something Wicked This Way Comes
The Talisman
Uncle Otto's Truck
Under the Dome
 
Answer Stats
Answer % Correct
Carrie
93%
Christine
80%
11/22/63
73%
Bag of Bones
59%
The Shining
59%
Misery
56%
The Dead Zone
54%
Pet Sematary
53%
Doctor Sleep
50%
Billy Summers
47%
Cell
47%
The Colorado Kid
39%
Under the Dome
36%
Gerald's Game
31%
Insomnia
31%
Needful Things
31%
The Outsider
27%
The Talisman
27%
Holly
21%
Joyland
19%
End of Watch
17%
Fairy Tale
17%
Rose Madder
16%
Revival
13%
Later
11%
Gwendy's Final Task
10%
No matching quizzes found
Score Distribution
Percent of People with Each Score
Percentile by Number Answered
Your Score History
You have not taken this quiz